[Event "Russian Championship B15 1st league 2016"]
[Site "Loo"]
[Date "2016.04.23"]
[Round "4.18"]
[White "Dolgikh, Evgeniy"]
[Black "Yangutov, Aleksey"]
[Result "1/2-1/2"]
[WhiteElo "1938"]
[BlackElo "1723"]
[PlyCount "83"]
[EventDate "2016.04.20"]

1. d4 Nf6 2. Nf3 c5 3. d5 e6 4. c4 exd5 5. cxd5 d6 6. Nc3 g6 7. e4 Bg7 8. Bb5+
Bd7 9. Bd3 O-O 10. O-O Bg4 11. h3 Bxf3 12. Qxf3 a6 13. a4 Nbd7 14. Qe2 Re8 15.
Bf4 Ne5 16. Bh2 Qc7 17. Bc2 Rab8 18. f4 Ned7 19. Rae1 Nxe4 20. Bxe4 f5 21. Qc2
fxe4 22. Nxe4 Nf6 23. f5 Nxe4 24. Rxe4 gxf5 25. Rxf5 Qd7 26. Bg3 Rxe4 27. Qxe4
Re8 28. Qf4 Rf8 29. Rxf8+ Bxf8 30. Qe4 b5 31. axb5 axb5 32. b3 Qe7 33. Qxe7
Bxe7 34. Kf2 Kf7 35. Kf3 Bf8 36. Ke4 Ke7 37. Bh4+ Kd7 38. Bf6 Be7 39. Bg7 Bh4
40. Kf5 Ke7 41. g4 b4 42. Bb2 {запись не разбор~~ива} 1/2-1/2

[Event "Russian Championship B15 1st league 2016"]
[Site "Loo"]
[Date "2016.04.23"]
[Round "4.19"]
[White "Sheletun, Yakov"]
[Black "Gabdrakhmanov, Azat"]
[Result "0-1"]
[WhiteElo "1790"]
[BlackElo "1904"]
[PlyCount "74"]
[EventDate "2016.04.20"]

1. e4 c5 2. Nf3 e6 3. d4 cxd4 4. Nxd4 a6 5. Nc3 Qc7 6. g3 b6 7. Bg2 Bb7 8. Bd2
d6 9. O-O Nf6 10. f4 Nbd7 11. Nb3 Be7 12. a4 O-O 13. g4 d5 14. e5 Ne4 15. Nxe4
dxe4 16. g5 Rfd8 17. Nd4 Nxe5 18. Bc3 Ng6 19. Qg4 Bc5 20. Rad1 Nxf4 21. b4 Nxg2
22. Qxg2 e3 23. Qg4 Bxd4 24. Bxd4 Rxd4 25. Qxd4 e2 26. Rfe1 exd1=Q 27. Rxd1 g6
28. Qf6 Re8 29. c3 Qc6 30. Kf2 e5 31. Rd6 Qg2+ 32. Ke1 Qe4+ 33. Kf2 Qh4+ 34.
Kf1 Qh3+ 35. Kf2 Qxh2+ 36. Kf1 Qg2+ 37. Ke1 Bf3 0-1

[Event "Russian Championship B15 1st league 2016"]
[Site "Loo"]
[Date "2016.04.23"]
[Round "4.20"]
[White "Zhafyarov, Adel"]
[Black "Ardasenov, Soslan"]
[Result "1-0"]
[WhiteElo "1899"]
[BlackElo "1690"]
[PlyCount "73"]
[EventDate "2016.04.20"]

1. d4 Nf6 2. Bf4 g6 3. e3 Bg7 4. h3 d6 5. Nf3 O-O 6. Be2 Nbd7 7. O-O b6 8. Bh2
Bb7 9. c3 Re8 10. Nbd2 a6 11. Qb3 Bd5 12. c4 Bb7 13. Qc2 e5 14. d5 a5 15. e4
Rf8 16. Ne1 Ne8 17. Bd3 Nc5 18. f4 exf4 19. Bxf4 Qf6 20. Rb1 Qd4+ 21. Kh1 Nxd3
22. Nxd3 f5 23. Nf3 Qf6 24. e5 dxe5 25. Ndxe5 Qd8 26. Nd4 Bxd5 27. cxd5 Qxd5
28. Ndc6 Bf6 29. Rbd1 Qxa2 30. Rd7 Nd6 31. Ne7+ Bxe7 32. Rxe7 c5 33. Bh6 Rfe8
34. Rg7+ Kh8 35. Qc3 Ne4 36. Nxg6+ hxg6 37. Rh7+ 1-0

[Event "Russian Championship B15 1st league 2016"]
[Site "Loo"]
[Date "2016.04.23"]
[Round "4.21"]
[White "Medvedev, Semen"]
[Black "Karamov, Stepan"]
[Result "1-0"]
[WhiteElo "1856"]
[BlackElo "1707"]
[PlyCount "83"]
[EventDate "2016.04.20"]

1. e4 c5 2. Nc3 e6 3. f4 a6 4. Nf3 Nc6 5. Be2 Nf6 6. O-O Be7 7. Kh1 O-O 8. e5
Nd5 9. Nxd5 exd5 10. d4 d6 11. c3 f6 12. exf6 Bxf6 13. Be3 b6 14. Qd2 Bb7 15.
Rad1 Ne7 16. g4 Ng6 17. f5 Nh8 18. Bd3 Qd7 19. Qg2 Rae8 20. Bf4 Bd8 21. Qg3 Bc7
22. Ng5 Rf6 23. Ne6 Bb8 24. Rde1 Rf7 25. h4 Bc8 26. h5 Qc6 27. Bb1 Rfe7 28. Bg5
Rf7 29. Nd8 Rxd8 30. Bxd8 Bc7 31. Bxc7 Qxc7 32. Re8+ Rf8 33. Rfe1 Bd7 34. Rxf8+
Kxf8 35. Qh4 Bb5 36. f6 Qf7 37. fxg7+ Qxg7 38. Qd8+ Kf7 39. Re7+ Kf6 40. g5+
Qxg5 41. Re5+ Kf7 42. Rxg5 1-0

[Event "Russian Championship B15 1st league 2016"]
[Site "Loo"]
[Date "2016.04.23"]
[Round "4.22"]
[White "Morgachev, Sergey"]
[Black "Lipilin, Ilia"]
[Result "1/2-1/2"]
[WhiteElo "1721"]
[BlackElo "1827"]
[PlyCount "115"]
[EventDate "2016.04.20"]

1. d4 f5 2. c4 Nf6 3. Nc3 g6 4. Bf4 Bg7 5. h3 d6 6. e3 O-O 7. Bd3 c6 8. Nf3 Kh8
9. O-O Be6 10. Bh2 Nbd7 11. Qe2 Bg8 12. Rfe1 Re8 13. e4 e5 14. dxe5 dxe5 15.
Rad1 f4 16. g3 fxg3 17. Bxg3 Nh5 18. Kh2 Rf8 19. Ng1 Be6 20. Qc2 Qe7 21. b3 Rf7
22. Rf1 Raf8 23. Qc1 Nf4 24. Bb1 Bh6 25. Qb2 Nh5 26. Nce2 Nxg3 27. Nxg3 Qh4 28.
Kg2 Bf4 29. Qc3 Qh6 30. Bc2 Kg8 31. Bb1 Nf6 32. Qd3 Nh5 33. Qe2 Nxg3 34. fxg3
Be3 35. Rxf7 Rxf7 36. Rf1 Rxf1 37. Qxf1 Bxg1 38. Kxg1 Qxh3 39. Qxh3 Bxh3 40.
Bd3 c5 41. Be2 h5 42. Kf2 Bd7 43. Ke3 Kg7 44. a3 Kh6 45. b4 b6 46. Kd3 g5 47.
Ke3 g4 48. Kf2 Kg5 49. Kg2 h4 50. b5 Be6 51. Bd3 h3+ 52. Kh2 Kf6 53. Bf1 Ke7
54. Be2 Kd6 55. Bf1 a6 56. a4 Bd7 57. Kg1 Kc7 58. Kh2 1/2-1/2

[Event "Russian Championship B15 1st league 2016"]
[Site "Loo"]
[Date "2016.04.23"]
[Round "4.23"]
[White "Rudikov, Dmitry"]
[Black "Glukhov, Dmitriy"]
[Result "1/2-1/2"]
[WhiteElo "1678"]
[BlackElo "1824"]
[PlyCount "105"]
[EventDate "2016.04.20"]

1. d4 Nf6 2. c4 e6 3. Nc3 Bb4 4. e3 O-O 5. Nge2 d5 6. a3 Be7 7. cxd5 exd5 8. g3
c6 9. Bg2 Bf5 10. O-O Re8 11. f3 Bd6 12. e4 dxe4 13. fxe4 Bxe4 14. Rxf6 Bxg2
15. Rxd6 Qxd6 16. Kxg2 Nd7 17. Bf4 Qe7 18. Ng1 Nb6 19. Nf3 Rad8 20. Qb3 Qe6 21.
Qxe6 Rxe6 22. Bc7 Rc8 23. Bxb6 axb6 24. Kf2 f6 25. Rd1 Rd8 26. Na4 b5 27. Nc5
Re7 28. Rd2 Kf7 29. Nh4 g6 30. Ng2 h6 31. Nf4 Rd6 32. Ne2 h5 33. Nf4 b6 34. Nb3
c5 35. d5 Re5 36. Nc1 g5 37. Nxh5 Rexd5 38. Rxd5 Rxd5 39. Ke2 Kg6 40. g4 f5 41.
h3 f4 42. Nd3 Kf7 43. h4 c4 44. Nf2 Re5+ 45. Kf1 gxh4 46. Nxf4 Re3 47. Nd5 Rb3
48. Nxb6 Rxb2 49. Ne4 Kg6 50. a4 bxa4 51. Nxa4 Rb3 52. Kg2 Re3 53. Nac3 1/2-1/2

[Event "Russian Championship B15 1st league 2016"]
[Site "Loo"]
[Date "2016.04.23"]
[Round "4.24"]
[White "Shengeliya, Mikhail"]
[Black "Safin, Danis"]
[Result "1-0"]
[WhiteElo "1910"]
[BlackElo "1627"]
[PlyCount "87"]
[EventDate "2016.04.20"]

1. e4 e5 2. Nc3 Nc6 3. Bc4 Bc5 4. Nf3 d6 5. d3 Nf6 6. O-O Bg4 7. h3 Bh5 8. Be3
Bb6 9. a4 O-O 10. Nd5 h6 11. g4 Nxg4 12. hxg4 Bxg4 13. Kg2 Kh8 14. Bxb6 axb6
15. Ne3 Qd7 16. Nxg4 Qxg4+ 17. Kh1 f5 18. Nh2 Qxd1 19. Raxd1 fxe4 20. dxe4 Rxa4
21. Bd3 Ra2 22. Rb1 Nb4 23. Bc4 Raa8 24. c3 Nc6 25. Ng4 Ne7 26. Ne3 Rf4 27. f3
g5 28. Kg2 Raf8 29. Be6 Ng6 30. Nf5 Kh7 31. Rh1 Nh4+ 32. Nxh4 gxh4 33. Bg4 R4f6
34. Rxh4 Ra8 35. Bf5+ Kh8 36. Kf2 c6 37. Rbh1 Kg7 38. Rg4+ Kf7 39. Rhg1 Rf8 40.
Rg7+ Ke8 41. Rxb7 d5 42. Rgg7 Rd6 43. Rb8+ Rd8 44. Bd7# 1-0

[Event "Russian Championship B15 1st league 2016"]
[Site "Loo"]
[Date "2016.04.23"]
[Round "4.25"]
[White "Yashmetov, Nikolay"]
[Black "Gorbunov, Semen"]
[Result "1-0"]
[WhiteElo "1896"]
[BlackElo "1675"]
[PlyCount "63"]
[EventDate "2016.04.20"]

1. e4 e5 2. Nf3 Nc6 3. Bb5 Nf6 4. O-O d6 5. d4 Bd7 6. d5 Nb8 7. Bd3 Be7 8. h3
c6 9. c4 O-O 10. Nc3 h6 11. Be3 Nh7 12. c5 Qc7 13. cxd6 Bxd6 14. Rc1 a6 15. Na4
Be8 16. Nb6 Ra7 17. Nc4 b5 18. Nxd6 Ra8 19. Nf5 Bd7 20. d6 Qd8 21. Ne7+ Kh8 22.
Nxe5 Be8 23. Bb1 Nf6 24. N5xc6 Nxc6 25. Nxc6 Bxc6 26. Rxc6 Re8 27. Qd4 Nd7 28.
Bxh6 f6 29. Bf4 Ne5 30. Bxe5 Rxe5 31. Rfc1 Re8 32. d7 1-0

[Event "Russian Championship B15 1st league 2016"]
[Site "Loo"]
[Date "2016.04.23"]
[Round "4.26"]
[White "Prokofiev, Matvey"]
[Black "Dobrynin, Yaroslav"]
[Result "1-0"]
[WhiteElo "1875"]
[BlackElo "1668"]
[PlyCount "83"]
[EventDate "2016.04.20"]

1. d4 d5 2. c4 c6 3. Nc3 Nf6 4. e3 Bf5 5. cxd5 cxd5 6. Qb3 Qd7 7. Nf3 e6 8. Bb5
Nc6 9. Ne5 Qc7 10. Qa4 Rc8 11. Qxa7 Bb4 12. Bxc6+ bxc6 13. Qxc7 Rxc7 14. O-O
Bxc3 15. bxc3 O-O 16. Ba3 Rfc8 17. f3 h6 18. g4 Bh7 19. Rfc1 Nd7 20. Nxd7 Rxd7
21. Bb4 Bd3 22. a4 Ra8 23. a5 Rb7 24. Kf2 Kh7 25. Ke1 Kg6 26. Kd2 Bc4 27. h4
Kh7 28. h5 f5 29. gxf5 exf5 30. Rg1 Rf7 31. Rg6 Bb5 32. Rag1 Rd8 33. Bd6 Rdd7
34. Ke1 Ra7 35. Be5 Rab7 36. Kf2 Ra7 37. R1g2 Rab7 38. Kg3 Ra7 39. Kf4 Rab7 40.
Re6 Ra7 41. Re8 Rxa5 42. Rg6 1-0

[Event "Russian Championship B15 1st league 2016"]
[Site "Loo"]
[Date "2016.04.23"]
[Round "4.27"]
[White "Tambovtsev, Daniil"]
[Black "Zharikov, Dmitry"]
[Result "1-0"]
[WhiteElo "1864"]
[BlackElo "1644"]
[PlyCount "145"]
[EventDate "2016.04.20"]

1. d4 Nf6 2. Nf3 g6 3. g3 Bg7 4. Bg2 c5 5. d5 d6 6. c4 O-O 7. O-O Qc7 8. Nc3 a6
9. Nd2 Nbd7 10. e4 Rb8 11. a4 b6 12. Qc2 e6 13. Qd3 Ne5 14. Qe2 exd5 15. cxd5
Re8 16. f4 Ned7 17. Qd3 Bb7 18. Nc4 Ng4 19. h3 Bd4+ 20. Be3 Nxe3 21. Nxe3 Nf6
22. Rae1 Qe7 23. Kh2 Qf8 24. Bf3 Qh6 25. Re2 Bxe3 26. Rxe3 Bc8 27. h4 Nd7 28.
Kg2 Qg7 29. Re2 Bb7 30. Rfe1 Re7 31. Nd1 Bc8 32. Nc3 Bb7 33. Rh1 h5 34. Nd1 Bc8
35. Nc3 Bb7 36. Rhe1 Kf8 37. Rf1 Kg8 38. Rfe1 Kf8 39. Kg1 Kg8 40. Kh1 Kf8 41.
Rg1 Qh6 42. Kg2 Bc8 43. Rge1 Qg7 44. Qc4 Kg8 45. Rb1 Qf8 46. Qd3 Qd8 47. Rh1
Re8 48. Rhe1 Qf6 49. Rf1 Qd8 50. Rfe1 Qf6 51. Rd2 Qd8 52. Rde2 Qf6 53. Rh1 Qe7
54. Rb1 Qf6 55. Ra1 Qd8 56. Ra3 Kf8 57. Qc4 Kg8 58. Rb3 Kf8 59. Kf2 Kg8 60. Re1
Kf8 61. Nb1 Kg8 62. Nd2 Qe7 63. Qe2 Qf6 64. Qc4 Qe7 65. Qd3 Qf6 66. Qc3 Qg7 67.
Qxg7+ Kxg7 68. Nc4 Rd8 69. Nxd6 Nf6 70. Nc4 b5 71. axb5 axb5 72. Ne5 Ba6 73.
Nc6 1-0

[Event "Russian Championship B15 1st league 2016"]
[Site "Loo"]
[Date "2016.04.23"]
[Round "4.28"]
[White "Shirinkin, Pavel"]
[Black "Kumargaliev, Marsel"]
[Result "0-1"]
[WhiteElo "1676"]
[BlackElo "1838"]
[PlyCount "152"]
[EventDate "2016.04.20"]

1. e4 c5 2. c4 Nc6 3. Nc3 d6 4. Nge2 e5 5. Nd5 g6 6. Nec3 Be6 7. d3 Bg7 8. Be2
Nge7 9. Bg5 h6 10. Bf6 O-O 11. O-O Qd7 12. Bxg7 Kxg7 13. f4 exf4 14. Rxf4 Bxd5
15. Nxd5 Nxd5 16. cxd5 Nd4 17. Qd2 Qe8 18. Rf2 f5 19. Bf3 f4 20. Raf1 Qe5 21.
Bd1 g5 22. Bh5 b6 23. Qd1 Rad8 24. Qa4 Qe7 25. Qd1 a5 26. b3 b5 27. Kh1 Qd7 28.
Bg4 Qe7 29. Bh5 b4 30. Qg4 Qd7 31. Qd1 Rf6 32. Bg4 Qe7 33. Bf3 Qe5 34. Qc1 Nb5
35. Qc4 Rb8 36. Rd2 Qd4 37. Re2 Qxc4 38. dxc4 Nc3 39. Rd2 Re8 40. Re1 Re5 41.
Rc2 Rf7 42. h3 Rfe7 43. Rxc3 bxc3 44. Rc1 h5 45. Rxc3 Kh6 46. Kg1 Rg7 47. Kf2
g4 48. hxg4 hxg4 49. Bd1 Rxe4 50. Bc2 Re3 51. Rxe3 fxe3+ 52. Kxe3 Rf7 53. Bd3
Kg5 54. Be2 Kh4 55. a4 Kg3 56. Ke4 Rf4+ 57. Ke3 Rd4 58. Bf1 Rd1 59. Be2 Rb1 60.
Ke4 Re1 61. Kd3 Rg1 62. Ke4 Rxg2 63. Bd3 Rd2 64. Kf5 Rxd3 65. Ke6 Kf4 66. Kxd6
g3 67. Kxc5 g2 68. Kc6 g1=Q 69. d6 Qd4 70. c5 Rc3 71. b4 axb4 72. a5 Rxc5+ 73.
Kd7 Rxa5 74. Kc8 Qc5+ 75. Kd7 Ra7+ 76. Ke8 Qc8# 0-1

[Event "Russian Championship B15 1st league 2016"]
[Site "Loo"]
[Date "2016.04.23"]
[Round "4.29"]
[White "Gagarin, Vasily"]
[Black "Galkin, Vladislav"]
[Result "1-0"]
[WhiteElo "1831"]
[BlackElo "1659"]
[PlyCount "109"]
[EventDate "2016.04.20"]

1. Nf3 c6 2. g3 d5 3. Bg2 Bf5 4. O-O Nf6 5. d3 e6 6. b3 Be7 7. Bb2 Nbd7 8. Nbd2
Qc7 9. Nh4 Bg6 10. e4 dxe4 11. dxe4 Nc5 12. Qe2 Bh5 13. Bf3 Bxf3 14. Nhxf3 Ncd7
15. c4 e5 16. Rad1 O-O 17. a3 a5 18. Nh4 g6 19. Ng2 Rfe8 20. f4 exf4 21. Nxf4
b5 22. Kg2 Bd6 23. Qf3 Be5 24. Bxe5 Nxe5 25. Qc3 bxc4 26. bxc4 Qa7 27. Rde1
Rad8 28. Nxg6 hxg6 29. Rxf6 Rd3 30. Qb2 Rb8 31. Qc1 Qd4 32. Re2 Rb2 33. Rff2
Ng4 34. Nf3 Rxf3 35. Kxf3 Rxe2 36. Rxe2 Qd3+ 37. Kxg4 Qxe2+ 38. Kf4 Qf2+ 39.
Ke5 Qc5+ 40. Kf6 Qd4+ 41. Ke7 Qxe4+ 42. Kd6 Qe6+ 43. Kc5 Qe7+ 44. Kxc6 Qe8+ 45.
Kb6 Qd8+ 46. Kb5 Kh7 47. c5 Qc7 48. c6 Kg8 49. Qf4 Qd8 50. Qe3 Qd5+ 51. Qc5 Qd8
52. c7 Qc8 53. Kb6 Qe6+ 54. Kb7 Qd7 55. Kb8 1-0

[Event "Russian Championship B15 1st league 2016"]
[Site "Loo"]
[Date "2016.04.23"]
[Round "4.30"]
[White "Stepanenko, Kirill"]
[Black "Grigoriants, Boris"]
[Result "1/2-1/2"]
[WhiteElo "1670"]
[BlackElo "1801"]
[PlyCount "79"]
[EventDate "2016.04.20"]

1. e4 c6 2. d4 d5 3. Nc3 g6 4. Nf3 Bg7 5. h3 dxe4 6. Nxe4 Bf5 7. Ng3 Qd7 8.
Nxf5 Qxf5 9. Bd3 Qd5 10. c3 Nf6 11. O-O O-O 12. Qe2 Qd6 13. Re1 Re8 14. Ne5 Nd5
15. Bc4 Nd7 16. Nxd7 Qxd7 17. Qf3 Rad8 18. Re2 h6 19. Bd2 Qc7 20. Rae1 e6 21.
Bxd5 Rxd5 22. Bf4 Qb6 23. Qe3 Kh7 24. Qc1 Re7 25. Be5 Re8 26. Bxg7 Kxg7 27. Re5
Red8 28. b3 Qa6 29. Qb2 Qb6 30. g3 Qc7 31. Rxd5 Rxd5 32. c4 Rd6 33. d5+ Kh7 34.
dxe6 Rxe6 35. Rxe6 fxe6 36. Qf6 Qd7 37. Kg2 b5 38. cxb5 cxb5 39. Qe5 Qc6+ 40.
Kg1 1/2-1/2

[Event "Russian Championship B15 1st league 2016"]
[Site "Loo"]
[Date "2016.04.23"]
[Round "4.31"]
[White "Shaidullin, Ratmir"]
[Black "Smirnov, Roman"]
[Result "0-1"]
[WhiteElo "1647"]
[BlackElo "1792"]
[PlyCount "110"]
[EventDate "2016.04.20"]

1. d4 d5 2. c4 dxc4 3. Nc3 Nf6 4. Bg5 a6 5. a4 Nc6 6. e3 Bf5 7. Bxf6 gxf6 8.
Bxc4 e6 9. Nf3 Bd6 10. Nh4 Bg6 11. Nxg6 hxg6 12. h3 f5 13. d5 Na5 14. Ba2 e5
15. Rb1 b6 16. b4 Nb7 17. Qc2 Qg5 18. g3 O-O-O 19. Qe2 a5 20. bxa5 Nxa5 21. Nb5
Qe7 22. Nxd6+ Qxd6 23. Qb5 f4 24. Qa6+ Kd7 25. Qb5+ Ke7 26. exf4 exf4 27. Kf1
fxg3 28. Re1+ Kf8 29. f3 Qa3 30. Qe2 Kg7 31. Kg2 Qxa4 32. Kxg3 Qh4+ 33. Kg2
Rhe8 34. Qd2 Nb7 35. Qc3+ Kh7 36. Re3 Qg5+ 37. Kf2 Nc5 38. Rg1 Qf4 39. Rg4 Qh2+
40. Rg2 Qf4 41. Rg4 Qh6 42. Rg3 f5 43. Rxe8 Rxe8 44. Bc4 Qf4 45. Kg2 Qe3 46.
Qb2 Nd3 47. Bxd3 Qxd3 48. Qf6 Qe2+ 49. Kh1 Qf1+ 50. Rg1 Qxf3+ 51. Rg2 Re1+ 52.
Kh2 Qf4+ 53. Rg3 Re2+ 54. Kh1 Qf1+ 55. Rg1 Qxh3# 0-1

[Event "Russian Championship B15 1st league 2016"]
[Site "Loo"]
[Date "2016.04.23"]
[Round "4.32"]
[White "Babunov, Alexander"]
[Black "Prishibilovich, Matvei"]
[Result "1/2-1/2"]
[WhiteElo "1780"]
[BlackElo "1629"]
[PlyCount "91"]
[EventDate "2016.04.20"]

1. d4 d5 2. c4 e6 3. Nc3 Nf6 4. cxd5 exd5 5. Bg5 Be7 6. e3 O-O 7. Bd3 c6 8.
Nge2 h6 9. Bh4 Re8 10. O-O Ne4 11. Bxe7 Qxe7 12. Bc2 f5 13. Nf4 Qf7 14. Bb3 Be6
15. Nxe6 Qxe6 16. Ne2 Nd7 17. Nf4 Qf7 18. f3 Nef6 19. Qd3 Re7 20. Rae1 Rae8 21.
Rf2 g5 22. Nh3 Qh7 23. Rfe2 Kh8 24. Bc2 g4 25. fxg4 fxg4 26. Qxh7+ Nxh7 27. Nf4
Kg7 28. Nh5+ Kg8 29. e4 dxe4 30. Bxe4 Kf8 31. Nf4 Kg8 32. Nh5 Kh8 33. Nf4 Nhf8
34. d5 Nf6 35. Bd3 Rxe2 36. Rxe2 Rxe2 37. Bxe2 Nxd5 38. Nxd5 cxd5 39. Bxg4 Ng6
40. Bf3 Ne7 41. Kf2 Kg7 42. Ke3 Kf6 43. g4 Ke5 44. h4 Ng6 45. h5 Nf4 46. Bd1
1/2-1/2

[Event "Russian Championship B15 1st league 2016"]
[Site "Loo"]
[Date "2016.04.23"]
[Round "4.33"]
[White "Martyntsev, Roman"]
[Black "Tikhonov, Viacheslav"]
[Result "1-0"]
[WhiteElo "1768"]
[BlackElo "1611"]
[PlyCount "55"]
[EventDate "2016.04.20"]

1. e4 e6 2. d4 d5 3. Nc3 Nf6 4. e5 Nfd7 5. f4 c5 6. Nf3 Nc6 7. Be3 Rb8 8. Be2
Qa5 9. O-O b5 10. a3 c4 11. Ng5 Qb6 12. f5 Ndxe5 13. Bf2 Qd8 14. Nxe6 fxe6 15.
dxe5 g6 16. f6 Kf7 17. Bg3 Bc5+ 18. Kh1 Bd4 19. Bf3 Bxe5 20. Nxd5 Bxg3 21. hxg3
Ne5 22. Nc3 Qc7 23. Ne4 Rd8 24. Qe2 h6 25. Rae1 Nd7 26. Ng5+ Kg8 27. Qxe6+ Kh8
28. Qe7 1-0

[Event "Russian Championship B15 1st league 2016"]
[Site "Loo"]
[Date "2016.04.23"]
[Round "4.34"]
[White "Shilo, Kirill"]
[Black "Korobov, Ivan"]
[Result "0-1"]
[WhiteElo "1586"]
[BlackElo "1767"]
[PlyCount "104"]
[EventDate "2016.04.20"]

1. d4 Nf6 2. Nf3 d6 3. Bf4 g6 4. e3 Bg7 5. Be2 O-O 6. O-O Nc6 7. h3 Qe8 8. c3
e5 9. Bh2 Nd7 10. Re1 h6 11. c4 f5 12. Nc3 Nf6 13. Nb5 Qe7 14. c5 a6 15. cxd6
cxd6 16. dxe5 dxe5 17. Bc4+ Kh7 18. Nc3 Rd8 19. Qe2 e4 20. Nd2 b5 21. Bb3 Be6
22. Bxe6 Qxe6 23. Nb3 Nd5 24. Nxd5 Rxd5 25. Rad1 Rad8 26. Rxd5 Qxd5 27. g4 Nb4
28. Kg2 Nd3 29. Rb1 Qc4 30. Qf1 Bxb2 31. Bg3 Qc2 32. gxf5 gxf5 33. h4 Rg8 34.
Rd1 Be5 35. Kh3 Bxg3 36. Rxd3 Qxd3 37. Qxd3 exd3 38. fxg3 Rc8 39. Kg2 d2 40.
Nxd2 Rc2 41. Kf3 Rxd2 42. Kf4 Kg6 43. h5+ Kf6 44. Kf3 Rxa2 45. e4 Ra3+ 46. Kf4
Ra4 47. Kf3 Rxe4 48. Kf2 Kg5 49. Kf3 b4 50. Kf2 Kg4 51. Kf1 Kxg3 52. Kg1 Re1#
0-1

[Event "Russian Championship B15 1st league 2016"]
[Site "Loo"]
[Date "2016.04.23"]
[Round "4.35"]
[White "Arkhipenko, Denis"]
[Black "Klimashkin, Igor"]
[Result "1-0"]
[WhiteElo "1757"]
[BlackElo "1584"]
[PlyCount "71"]
[EventDate "2016.04.20"]

1. d4 d5 2. Bf4 Nf6 3. e3 Nc6 4. Nf3 a6 5. c3 e6 6. Bd3 Bd6 7. Ne5 Bd7 8. Nd2
Qe7 9. Rc1 Ng8 10. a3 O-O-O 11. c4 h5 12. Nxc6 Bxc6 13. Bxd6 Rxd6 14. c5 Rd8
15. b4 Kd7 16. a4 Ke8 17. b5 axb5 18. axb5 Bd7 19. c6 bxc6 20. bxc6 Bc8 21. Qa4
Qg5 22. Rg1 g6 23. Rb1 Nh6 24. Nf3 Qf6 25. Qa7 Qe7 26. Rb8 Kf8 27. Ne5 Kg7 28.
h3 Nf5 29. Kd2 Rhg8 30. Ra1 Kh6 31. Qa3 Qxa3 32. Rxa3 Kg7 33. Ra7 Rdf8 34. Rxc7
g5 35. g3 Kf6 36. Rbxc8 1-0

[Event "Russian Championship B15 1st league 2016"]
[Site "Loo"]
[Date "2016.04.23"]
[Round "4.36"]
[White "Balashov, Egor"]
[Black "Petrovsky, Andrey"]
[Result "0-1"]
[WhiteElo "1596"]
[BlackElo "1756"]
[PlyCount "68"]
[EventDate "2016.04.20"]

1. d4 e6 2. Nf3 f5 3. c4 Nf6 4. Nc3 d5 5. Bf4 c6 6. e3 Bd6 7. Bxd6 Qxd6 8. Qc2
O-O 9. Bd3 b6 10. cxd5 Nxd5 11. O-O Nb4 12. Qe2 Nxd3 13. Qxd3 Ba6 14. Qc2 Bxf1
15. Rxf1 Nd7 16. e4 Rac8 17. Rd1 Qe7 18. exf5 exf5 19. Re1 Qf6 20. Qb3+ Kh8 21.
Re6 Qd8 22. Rd6 Qe7 23. Re6 Qf7 24. Ng5 Qg8 25. Qd1 Rfe8 26. Rd6 Nf6 27. f4 Qf8
28. Qf3 h6 29. Qh3 Kg8 30. Nce4 Nxe4 31. Qb3+ Kh8 32. Nf7+ Kh7 33. Rd7 Re7 34.
Ng5+ Nxg5 0-1

[Event "Russian Championship B15 1st league 2016"]
[Site "Loo"]
[Date "2016.04.23"]
[Round "4.37"]
[White "Koliev, Irlan"]
[Black "Fokeev, Boris"]
[Result "1-0"]
[WhiteElo "1737"]
[BlackElo "1478"]
[PlyCount "83"]
[EventDate "2016.04.20"]

1. d4 e6 2. Nf3 Nf6 3. c4 Bb4+ 4. Bd2 a5 5. Nc3 b6 6. g3 Bb7 7. Bg2 O-O 8. O-O
d6 9. Qc2 Nbd7 10. a3 Bxc3 11. Bxc3 a4 12. Nd2 Bxg2 13. Kxg2 Qe7 14. e4 e5 15.
Rfe1 Ne8 16. Nf1 Nb8 17. Ne3 f6 18. Rad1 g6 19. Qd3 Nd7 20. dxe5 Qf7 21. exd6
Nxd6 22. Nd5 Nc5 23. Qd4 Ndxe4 24. Rxe4 Nxe4 25. Qxe4 Rae8 26. Qf4 Re6 27. Nxc7
Rc6 28. Nd5 Qb7 29. Kg1 Kg7 30. Re1 Rf7 31. Re7 Qxe7 32. Nxe7 Rxe7 33. c5 bxc5
34. Qxa4 Rcc7 35. Qa6 Rf7 36. Qd6 c4 37. Bxf6+ Rxf6 38. Qxc7+ Rf7 39. Qxc4 Kg8
40. a4 Kg7 41. Qxf7+ Kxf7 42. a5 1-0

[Event "Russian Championship B15 1st league 2016"]
[Site "Loo"]
[Date "2016.04.23"]
[Round "4.38"]
[White "Dolgirev, Lev"]
[Black "Kisarov, Timur"]
[Result "0-1"]
[WhiteElo "1448"]
[BlackElo "1697"]
[PlyCount "130"]
[EventDate "2016.04.20"]

1. c4 e5 2. Nc3 Nc6 3. Nf3 Nf6 4. g3 Bc5 5. Bg2 d6 6. O-O O-O 7. a3 a5 8. d3 h6
9. Bd2 Re8 10. e3 Bf5 11. Ne1 Qd7 12. Qb3 Reb8 13. Nd5 Nxd5 14. cxd5 Ne7 15.
Rc1 b5 16. Nf3 e4 17. dxe4 Bxe4 18. Ne5 Qf5 19. Bxe4 Qxe5 20. Bg2 a4 21. Bc3
Qxe3 22. fxe3 axb3 23. Bd4 Bxd4 24. exd4 Rb7 25. Rc3 Ra4 26. Rf4 g5 27. Re4 Kf8
28. Rxb3 Nf5 29. Bf1 Rxd4 30. Rxd4 Nxd4 31. Rb4 Nf3+ 32. Kg2 Ne5 33. Rxb5 Ra7
34. Rb8+ Kg7 35. Bb5 f5 36. Bc6 Nxc6 37. dxc6 Ra6 38. Rb7 Rxc6 39. b4 Kf6 40.
a4 Rc2+ 41. Kf3 Ra2 42. a5 c5 43. bxc5 dxc5 44. Ra7 c4 45. a6 c3 46. Ke3 c2 47.
Kd2 Ke5 48. Ra8 Ke4 49. a7 Kf3 50. Kc1 Kg2 51. Rh8 Rxa7 52. Rxh6 Rc7 53. Rf6
Kxh2 54. Rxf5 g4 55. Rh5+ Kxg3 56. Rh8 Kg2 57. Rg8 g3 58. Rg6 Rc3 59. Rg8 Kg1
60. Rg6 g2 61. Rg8 Kh2 62. Rh8+ Rh3 63. Rc8 g1=Q+ 64. Kxc2 Qf2+ 65. Kc1 Qe3+
0-1

[Event "Russian Championship B15 1st league 2016"]
[Site "Loo"]
[Date "2016.04.23"]
[Round "4.40"]
[White "Ovcharenko, Iliya"]
[Black "Perov, German"]
[Result "0-1"]
[WhiteElo "1393"]
[BlackElo "1676"]
[PlyCount "166"]
[EventDate "2016.04.20"]

1. e4 e5 2. Nf3 Nc6 3. d4 exd4 4. Nxd4 Nf6 5. Nxc6 bxc6 6. e5 Qe7 7. Qe2 Nd5 8.
c4 Ba6 9. Nd2 O-O-O 10. Qe4 Nb6 11. Bd3 Re8 12. Nf3 Qe6 13. b3 Bb4+ 14. Bd2
Bxd2+ 15. Kxd2 d5 16. Qf4 Qe7 17. cxd5 Bxd3 18. Kxd3 Nxd5 19. Qg4+ Kb8 20. Nd4
Nb4+ 21. Kc4 Qxe5 22. Kxb4 c5+ 23. Kc4 cxd4 24. Qxd4 Qe2+ 25. Kc3 Rd8 26. Rhe1
Qb5 27. Qc4 Qa5+ 28. b4 Qa3+ 29. Qb3 Qa6 30. Qc4 Qxc4+ 31. Kxc4 Rd2 32. Rf1 Re8
33. Rad1 Rc2+ 34. Kb3 Ree2 35. Rd7 Rb2+ 36. Kc4 Rec2+ 37. Kd3 Rxf2 38. Rxf7
Rxg2 39. Rc1 Rbd2+ 40. Ke3 Rge2+ 41. Kf3 Rf2+ 42. Ke3 Rxf7 43. Kxd2 Rf2+ 44.
Kd3 Rxh2 45. a4 Rg2 46. Kd4 Rg5 47. a5 Kb7 48. Rb1 a6 49. Ke4 h5 50. Kf4 Rg4+
51. Kf3 Kc6 52. Rh1 g6 53. Rc1+ Kb5 54. Rxc7 Kxb4 55. Rc1 Kxa5 56. Ra1+ Kb6 57.
Rb1+ Ka7 58. Re1 a5 59. Re7+ Kb6 60. Re6+ Kc7 61. Re5 a4 62. Ra5 Kd6 63. Rb5
Kc6 64. Ra5 Kb6 65. Ra8 Kb5 66. Rb8+ Kc4 67. Rc8+ Kb3 68. Rb8+ Ka2 69. Rb5 a3
70. Rb6 Ka1 71. Rb5 a2 72. Rb6 Rg5 73. Rb4 Rc5 74. Rb3 Rc3+ 75. Rxc3 Kb2 76.
Rc6 a1=Q 77. Rxg6 Qf1+ 78. Ke3 h4 79. Rb6+ Kc3 80. Rc6+ Kb4 81. Rc2 h3 82. Kd4
Qd1+ 83. Ke3 Qxc2 0-1

[Event "Russian Championship B15 1st league 2016"]
[Site "Loo"]
[Date "2016.04.23"]
[Round "4.41"]
[White "Kiselev, Vladislav"]
[Black "Kulakov, Ilya"]
[Result "1-0"]
[WhiteElo "1803"]
[BlackElo "1599"]
[PlyCount "120"]
[EventDate "2016.04.20"]

1. e4 e5 2. Nf3 Nc6 3. Bb5 Nf6 4. O-O Nxe4 5. d4 Nd6 6. Bxc6 dxc6 7. dxe5 Nf5
8. Qxd8+ Kxd8 9. Nc3 Ke8 10. h3 h5 11. Bf4 Be7 12. Rad1 b5 13. Ne4 Be6 14. Nfg5
Rh6 15. Nxe6 Rxe6 16. Ng3 Nxg3 17. Bxg3 Bc5 18. Kh1 a5 19. f4 Re7 20. f5 Rd7
21. Rxd7 Kxd7 22. Rd1+ Ke8 23. Bf4 Rd8 24. Rxd8+ Kxd8 25. g4 hxg4 26. hxg4 Ke7
27. Kg2 a4 28. b3 axb3 29. axb3 Bd4 30. Kf3 Kd7 31. Ke4 Bb6 32. g5 Bc5 33. g6
fxg6 34. e6+ Ke8 35. fxg6 Bd6 36. Bg5 Kf8 37. Kf5 Be7 38. Be3 c5 39. Ke5 c6 40.
c4 Ke8 41. Bd2 Kd8 42. Ba5+ Ke8 43. Kf5 Bf6 44. Bc7 Be7 45. Be5 Kf8 46. Bc3 Kg8
47. cxb5 cxb5 48. Ke4 Kf8 49. Kd5 c4 50. b4 Bg5 51. Kd6 Bh4 52. Kd7 Bg5 53. Bd4
Bh4 54. Bc5+ Kg8 55. e7 Bxe7 56. Kxe7 c3 57. Be3 c2 58. Bc1 Kh8 59. Bb2 Kg8 60.
Ke8 Kh8 1-0